| 000 | 00681nam a2200265 4500 | ||
|---|---|---|---|
| 001 | BS2023000201 | ||
| 003 | BR-BrBNA | ||
| 005 | 20230928134357.0 | ||
| 008 | 230904b1978 bl.||||| |||| 00| 0 por d | ||
| 040 |
_aBR-BrBNA _bpor. |
||
| 041 | _apor. | ||
| 072 | _aS85 | ||
| 100 |
_4aut. _aFelitta, Frank De |
||
| 100 |
_4trad. _aMatta, Luiz Horácio de |
||
| 245 | _aA entidade / | ||
| 260 |
_aSão Paulo - SP : _bCirculo de livro, _c1978 |
||
| 300 | _a480 p. | ||
| 500 | _aTítulo do original: "The entity". | ||
| 650 | _aLITERATURA AMERICANA | ||
| 650 | _aFICÇÃO | ||
| 650 | _aROMANCE | ||
| 909 |
_a202309 _bMaria Neves |
||
| 942 | _cBK | ||
| 999 |
_c9955 _d9955 |
||